Najlepsi strzelcy MŚ w piłce nożnej od A do Ż - Statystyki

Ogólne statystyki
  • Ten quiz został rozwiązany 70 razy
  • Średni wynik to 6 z 26
Statystyki odpowiedzi
Liczba goli Odpowiedź % Poprawnych
R 15 Ronaldo
94%
P 12 Pele
68%
K 16 Miroslav Klose
63%
L 10 Grzegorz Lato | Gary Lineker
55%
M 14 Gerd Muller
47%
F 13 Just Fontaine
29%
V 9 Vava | Christian Vieri | David Villa
29%
Ż 1 Dobromir Żeczew | Marcin Żewłakow
27%
E 9 Eusebio
27%
G 5 Garrincha | Olivier Giroud
27%
H 6 Helmut Haller | Thierry Henry | Josef Hugi
27%
B 10 Gabriel Batistuta
19%
N 8 Neymar
19%
X 2 Granit Xhaka
13%
A 8 Ademir
11%
D 5 Landon Donovan
8%
J 9 Jairzinho
6%
C 10 Teofilo Cubillas
5%
S 9 Uwe Seeler
5%
U 2 Kalu Uche
3%
O 4 Michael Owen
3%
I 5 Walentin Iwanow
3%
Q 2 Fernando Quirarte
2%
Z 6 Gyula Zsengeller
2%
T 7 Lajos Tichy
2%
W 5 Mark Wilmots
2%
Nie znaleziono quizów pasujących do podanych kryteriów
Rozkład punktacji
Procent ludzi z każdym wynikiem
Percentyl według liczby udzielonych odpowiedzi
Twoja historia wyników
Nie rozwiązałeś tego quizu